=LDR 00000nam 2200000 4500 =001 INLIS000000000054795 =005 20200225085210 =035 ##$$a 0010-0220000357 =007 ta =008 200225###########################0#ind## =020 ##$$a 978-602-350-401-5 =082 ##$$a 320.1 =084 ##$$a 320.1 Bud m =245 1#$$a Model dan Desain Negara Kesejahteraan /$c Budi Setiyono, Ph.D. =300 ##$$a 288 Halaman ; $c 23 Cm. =650 #4$$a Negara =700 #$$a Editor: Irwan Kurniawan =504 ##$$a Bibliografi: Halaman 273-281 =264 ##$$a Bandung :$b Nuansa Cendekia,$c 2018 =336 ##$$a teks$2 rdacontent =337 ##$$a lain-lain$2 rdamedia =338 ##$$a lain-lain$2 rdacarrier =990 ##$$a 13511351 =990 ##$$a 13511351